| 000 | 00902nam a2200193 a 4500 | ||
|---|---|---|---|
| 008 | 130829s2010 ||||||||||||||||| || u | ||
| 020 | _a9780470393338 | ||
| 050 | _aHG 4026 McC | ||
| 100 | _aMcCrary, Stuart A | ||
| 245 | 1 | 0 |
_aMastering corporate finance essentials: the critical quantitative methods and tools in finance _cby Stuart A. McCrary |
| 260 |
_aHoboken, New Jersey: _bJohn Wiley and Sons _c2010 |
||
| 300 | _axiii, 174p.: ill. | ||
| 650 | _aCORPORATIONS--FINANCE | ||
| 650 | _aCAPITAL BUDGET | ||
| 650 | _aBUSINESS ENTERPRISES--FINANCE | ||
| 650 | _aCAPITAL INVESTMENTS | ||
| 995 |
_aMAIN LIBRARY OPEN ACCESS _e744227 _FCBU-MAIN LIBRARY (Kitwe) _jHG 4026 McC _M1 _UAVAILABLE _WSep 9, 2013 _y744227 _ZMain Library Open Access Collection |
||
| 995 |
_aMAIN LIBRARY OPEN ACCESS _e744228 _FCBU-MAIN LIBRARY (Kitwe) _jHG 4026 McC _M2 _UAVAILABLE _WSep 9, 2013 _y744228 _ZMain Library Open Access Collection |
||
| 999 |
_c82700 _d82700 |
||